LEADER 01936nam 2200337 450 001 996280837403316 005 20230611111022.0 035 $a(CKB)1000000000035517 035 $a(NjHacI)991000000000035517 035 $a(EXLCZ)991000000000035517 100 $a20230611d2002 uy 0 101 0 $aeng 135 $aur||||||||||| 181 $ctxt$2rdacontent 182 $cc$2rdamedia 183 $acr$2rdacarrier 200 10$aAmerican National Standard for AC High-Voltage Circuit Breakers - Rated on a Symmetrical Current Basis - Preferred Ratings and Related Required Capabilities $eANSI C37.06-2000 /$fInstitute of Electrical and Electronics Engineers 210 1$aNew York :$cInstitute of Electrical and Electronics Engineers,$d2002. 215 $a1 online resource (36 pages) 311 $a0-7381-3595-X 330 $aThis standard is a revision of ANSI C37.06-1997. It reflects small editorial changes needed to coordinate with the final wording contained in the defining standards ANSI/IEEE C37.04-1999 and ANSI/IEEE C37.09-1999. Some ratings have also been updated. Because this revision is primarily editorial in nature, this Foreword describes the substantive and editorial changes between this revision and the 1987 version. The format of the tables remains very much the same, except that some ratings, which had been given in the notes (sometimes on a different page from the table of preferred ratings), have been listed explicitly in the tables. 517 $aANSI C37.06-2000 606 $aElectric circuit-breakers$xStandards 615 0$aElectric circuit-breakers$xStandards. 676 $a338.47621312 801 0$bNjHacI 801 1$bNjHacl 906 $aDOCUMENT 912 $a996280837403316 996 $aAmerican National Standard for AC High-Voltage Circuit Breakers - Rated on a Symmetrical Current Basis - Preferred Ratings and Related Required Capabilities$93382497 997 $aUNISA LEADER 04118oam 2200757I 450 001 9910784223303321 005 20230721025710.0 010 $a1-136-87143-8 010 $a1-281-12740-X 010 $a9786611127404 010 $a1-136-87144-6 010 $a0-203-83756-8 010 $a1-4200-6995-0 024 7 $a10.4324/9780203837566 035 $a(CKB)1000000000344085 035 $a(EBL)301305 035 $a(OCoLC)163566757 035 $a(SSID)ssj0000107394 035 $a(PQKBManifestationID)11133190 035 $a(PQKBTitleCode)TC0000107394 035 $a(PQKBWorkID)10012580 035 $a(PQKB)11479529 035 $a(MiAaPQ)EBC301305 035 $a(Au-PeEL)EBL301305 035 $a(CaPaEBR)ebr10180256 035 $a(CaONFJC)MIL112740 035 $a(EXLCZ)991000000000344085 100 $a20180706d2007 uy 0 101 0 $aeng 135 $aur|n|---||||| 181 $ctxt 182 $cc 183 $acr 200 00$aAttachment & sexuality /$fedited by Diana Diamond, Sidney J. Blatt, Joseph D. Lichtenberg 210 1$aNew York :$cAnalytic Press,$d2007. 215 $a1 online resource (281 p.) 225 1 $aPsychoanalytic inquiry book series ;$vno. 21 300 $aDescription based upon print version of record. 311 $a1-138-00994-6 311 $a0-88163-466-2 320 $aIncludes bibliographical references and index. 327 $aFront Cover; Attachment & Sexuality; Copyright Page; Contents; Acknowledgments; Editors; Contributors; Introduction: Diana Diamond and Sidney J. Blatt; 1. Attachment and Sexuality: Morris Eagle; 2. A Behavioral Systems Perspective on the Psychodynamics of Attachment and Sexuality: Mario Mikulincer and Phillip R. Shaver; 3. Attachment and Sexuality During Adolescence: Interaction, Integration, or Interference: Massimo Ammaniti, Giampaolo Nicolais,and Anna Maria Speranza; 4. When Sexuality Reaches Beyond the Pleasure Principle: Attachment, Repetition, and Infantile Sexuality: Lissa Weinstein 327 $a5. Sense and Sensuality: Hedonic Intersubjectivity and the Erotic Imagination: Jeremy Holmes6. "My Dog Is Dying Today": Attachment Narratives and Psychoanalytic Interpretation of an Initial Interview: Anna Buchheim, Carol George,and Horst Ka?chele; 7. "Passionate Attachments" and Parental Exploitations of Dependency in Infancy and Early Childhood: Alicia F. Lieberman, Maria St. John,and Robin Silverman; 8. Oedipal Love and Conflict in the Transference/Countertransference Matrix: Its Impact on Attachment Security and Mentalization: Diana Diamond and Frank E. Yeomans 327 $a9. A Discussion of Eight Essays That Propel Attachment and Sexual Theories Into the 21st Century: Joseph LichtenbergIndex 330 $aThe papers featured in Attachment and Sexuality create a dense tapestry, each forming a separate narrative strand that elucidates different configurations of the relationship between attachment and sexuality. As a whole, the volume explores the areas of convergence and divergence, opposition, and integration between these two systems. It suggests that there is a bi-directional web of influences that weaves the attachment and sexual systems together in increasingly complex ways from infancy to adulthood.The volume's unifying thread is the idea that the attachment system, and 410 0$aPsychoanalytic inquiry book series ;$vno. 21. 517 3 $aAttachment and sexuality 606 $aObject relations (Psychoanalysis) 606 $aInterpersonal relations 606 $aParent and child 606 $aSex (Psychology) 615 0$aObject relations (Psychoanalysis) 615 0$aInterpersonal relations. 615 0$aParent and child. 615 0$aSex (Psychology) 676 $a155.3 701 $aBlatt$b Sidney J$g(Sidney Jules),$f1928-$01107747 701 $aDiamond$b Diana$f1948-$01485752 701 $aLichtenberg$b Joseph D$0181442 801 0$bMiAaPQ 801 1$bMiAaPQ 801 2$bMiAaPQ 906 $aBOOK 912 $a9910784223303321 996 $aAttachment & sexuality$93705030 997 $aUNINA